Countries that do NOT celebrate Christmas - Statistics

General Stats
  • This quiz has been taken 34 times
  • The average score is 27 of 33
Answer Stats
Answer % Correct
Oman
96%
Afghanistan
93%
Libya
93%
Saudi Arabia
93%
United Arab Emirates
93%
Algeria
89%
China
89%
Iran
89%
North Korea
89%
Cambodia
86%
Laos
86%
Morocco
86%
Pakistan
86%
Tunisia
86%
Azerbaijan
82%
Japan
82%
Qatar
82%
Turkey
82%
Uzbekistan
82%
Bahrain
79%
Bhutan
79%
Kuwait
79%
Mongolia
79%
Vietnam
79%
Israel
75%
Tajikistan
75%
Taiwan
71%
Thailand
71%
Somalia
68%
Maldives
64%
Mauritania
61%
Brunei
57%
Comoros
57%
No matching quizzes found
Score Distribution
Percent of People with Each Score
Percentile by Number Answered
Your Score History
You have not taken this quiz